Score 0/10 Timer 03:00
0 Plays Today
% Correct
Daniel Radcliffe
76.5%
Kristen Stewart
64.7%
Justin Bieber
64.7%
Miley Cyrus
61.8%
Ariana Grande
61.8%
Cristiano Ronaldo
55.9%
Rihanna
55.9%
Novak Djokovic
52.9%
Ed Sheeran
52.9%
Lady Gaga
50%
Remove Ads.
Support Sporcle.
Get the best of Sporcle when you Go Orange. This ad-free experience offers more features, more stats, and more fun while also helping to support Sporcle. Thank you for becoming a member.

You're not logged in!

Compare scores with friends on all Sporcle quizzes.
OR
Log In

Show Comments

Extras

Top Quizzes Today


Score Distribution

Your Account Isn't Verified!

In order to create a playlist on Sporcle, you need to verify the email address you used during registration. Go to your Sporcle Settings to finish the process.

Report this User

Report this user for behavior that violates our Community Guidelines.

Details: